QUIZ-MUSIQUE-LA MANO 1.9 - Statistiques

Statistiques générales
  • Ce quiz a été pris 216 fois
  • Le résultat moyen est 9 sur 15
Statistiques - réponses
Hint Réponse % Correct
Solide en défense comme Upamecano Canon
90%
Toi t'es endetté donc tu nehess mal Businessman
76%
Elle est canon comme pas possible Parisienne
74%
T'sais qu'j'suis pas un novice I'm Sorry
72%
J'lui ai dit qu'j'étais attaquant à Fulham Crime ensoleillé
68%
Gazo des Gaz t'étais ou quand j'étais derrière les barreaux Pop
68%
Big kich j'en veut encore , elle fait que me tema EL GEMANO
63%
Dans tout paname mes gars envoie des ballons Sexy Woman
62%
Il me faut le salaire a Matuidi Charo JUMP
59%
J'les mets tous dans la sauce G.A.N.G
52%
Encore une notif mon bigo il beuge No stress
49%
Elle veut la même relation que Bonnie and Clyde Célibataire
41%
Milieu défensif , Alonzo Xavi SWAT
37%
Paris , Nord pas la pour tirer a blanc dans la ville j'baraude en 4x4 blanc Le Plan
36%
Dans ma tête c'est South Park D block Afrique
28%
Aucun quiz correspondant
Distribution des résultats
% des personnes avec chaque résultat
Percentile par nombre de réponses
Votre historique - résultats
Vous n’avez pas pris ce quiz